000 01116cam a2200325 a 4500
001 14533104
003 ARRUPE
005 20130927163752.0
008 060903s2005 nyu b 000 0 eng d
010 _a 2006297724
_z 2004532222
015 _aGBA526193
_2bnb
016 7 _a013148114
_2Uk
020 _a0826476422 (cased)
035 _a(OCoLC)ocm61527973
040 _aUKM
_cUKM
_dBAKER
_dDLC
042 _alccopycat
050 0 0 _aBV245
_b.P8452 2005
245 0 0 _aPrayers for this life /
_cedited by Christopher Howse.
260 _aLondon ;
_aNew York :
_bContinuum,
_c2005.
300 _axx, 203 p. ;
_c22 cm.
500 _a"The Daily Telegraph"--Cover.
504 _aIncludes bibliographical references (p. 193-203).
650 0 _aPrayers.
_91675
700 1 _aHowse, Christopher.
_91676
730 0 _aDaily telegraph (London, England)
_91677
856 4 1 _3Table of contents only
_uhttp://www.loc.gov/catdir/toc/fy0701/2006297724.html
906 _a7
_bcbc
_ccopycat
_d2
_encip
_f20
_gy-gencatlg
942 _2lcc
_cMONOGRAPH
999 _c118146
_d118146